Регионална библиотека "Любен Каравелов" - Русе

Уловени морски мигове (Запис номер 78988)

MARC детайли
000 -Лидер
Контролно поле с фиксирана дължина 01030nam a2200289 c 4500
003 - Код на организацията, давaща контролен номер
Контролно поле BLK
005 - Дата и час на последна редакция
Контролно поле 20180420224419.0
008 - Елементи от данни с фиксирана дължина
fixed length control field 180408b bul|||||r ||||||| ||bul||
010 ## - Наследен системен номер
LC control number KNG00083456000
040 ## - Източник на каталожния запис
Идентификатор на билиотеката - собственик на записа BLK
041 ## - Код за език
Код за езика на текст/звукозапис или на отделно заглавие Български
Код за езика КДБФ Български
080 ## - УДК
Текстов определител УДК Българска литература
УДК код - определител по УДК 821.163.2
УДК определител -4
УДК - код + определител 821.163.2-4
080 ## - УДК
Текстов определител УДК Българска литература
УДК код - определител по УДК 821.163.2
УДК определител -992
УДК - код + определител 821.163.2-992
100 1# - Редна дума - Автор
Автор Испирска, Сирма Николова
Авторска отговорност първи автор
R(LIN) 73201
139 ## - Редно поле
Редна дума Испирска, Сирма Николова
Авторски знак Исп - И 93
245 10 - Сведения за заглавието
Заглавие Уловени морски мигове
Подзаглавни данни Очерк, бележки, пътеписи
Редно поле (дума) Сирма Николова Испирска.
257 ## - Страна на издаване
Страна на създаване/издаване България
260 ## - Област на издателските данни
-- Варна
Име на издателя, разпространителя и проч. PAUS
Година на издаване 2008
300 ## - Физическа характеристика
Страници 55 с.
Илюстрации и др. със сн.
Размери/Мащаб 21 см
380 ## - Жанр
Жанр Худож. лит.
500 ## - Общи забележки
Забележка Офс. изд.
852 ## - Местоположение
Форматна сигнатура Цб 239822
856 4# - Електронен адрес и достъп
Електронен формат pdf - файл
Път до файла /url/
856 4# - Електронен адрес и достъп
Електронен формат pdf - файл
Път до файла /url/
942 ## - АРТИКУЛИ
Вид на библиотечния материал Книги
Скрит в OPAC Не
944 ## - СЪЗДАВАНЕ И РЕДАКЦИЯ на ЗАПИСА
Създаване/Редакция Създаване
Дата на регистрацията/редакция 22.04.2008
Служител, извършил регистрацията/редакцията Людмила_Стоянова
944 ## - СЪЗДАВАНЕ И РЕДАКЦИЯ на ЗАПИСА
Създаване/Редакция Редакция
Дата на регистрацията/редакция 25.08.2008
Служител, извършил регистрацията/редакцията
999 ## - СИСТЕМНИ КОНТРОЛНИ НОМЕРА
Koha biblionumber 78988
Koha biblioitemnumber 78988
Наличности
Код за отписване Код за изгубен артикул Източник на класификационната схема Код за повреда Коз за рестрикции Код за отдаване Артикулен № Име на библиотеката - собственик Име на библиотеката, в която се намира в момента Статус (Текущо местоположение) Дата на вписване в системата Местоположение - отдел Цена в лева Инвентарен номер Систематично азбучна сигнатура Баркод Номер на екземпляра Цена в евро Служебна бележка Служебен тип на артикула
Изтеглен Не е изгубен Universal Decimal Classification Не е повреден без рестрикции заемане за дома 127746 Регионална библиотека "Любен Каравелов" Русе Регионална библиотека "Любен Каравелов" Русе Заемна - подръчен фонд 2008-04-22 Заемна - подръчен фонд 5.00 120000725877 П 886.7-4/И 93 120000725877 1 2.56 Дост: DA Вид: А N: 7 Дата: 22.04.2008 Дата инв: 13.02.2018 Бележки инв: П2018 Книги
Изтеглен Не е изгубен Universal Decimal Classification Не е повреден без рестрикции заемане за дома 127747 Регионална библиотека "Любен Каравелов" Русе Регионална библиотека "Любен Каравелов" Русе Заемна - подръчен фонд 2008-04-22 Заемна - подръчен фонд 5.00 120000725878 П 886.7-4/И 93 120000725878 2 2.56 Дост: DA Вид: А N: 7 Дата: 22.04.2008 Дата инв: 13.02.2018 Бележки инв: П2018 Книги
  Не е изгубен   Не е повреден без рестрикции ползва се в читалня 127748 Регионална библиотека "Любен Каравелов" Русе Регионална библиотека "Любен Каравелов" Русе Хранилище 2008-08-20 Хранилище 5.00 120000728098 Цб 239822 120000728098 3 2.56 Дост: Dp Вид: Д N: 20 Дата: 18.04.2008 Книги
Vip Innovations Ltd, Rousse, Bulgaria 2025